000 01421nam0a22003011 4500
001 rc\3679595
005 20130115151459.5
021 _aRU
_b[70-17509]
035 _a(NLR Aleph) 007845361
090 _a9831091
_c9831091
100 _a20130115d1970 |||y0rusy50 ca
101 0 _arus
102 _aRU
105 _ay z |||||
200 1 _aХозрасчетные промышленные объединения и их роль в совершенствовании управления промышленностью
_fО-во "Знание" УССР
210 _aКиев
_cБ. и.
_d1970
215 _a48 с.
_d20
225 1 _aВ помощь лектору
_fНауч. совет АН УССР по проблеме "Науч. организация труда, производства и управления". Укр. филиал Науч.-исслед. ин-та планирования и нормативов при Госплане СССР
320 _aБиблиогр. в конце книги
606 _aПромышленность СССР
_xУправление
_2psbo
606 _aПромышленные объединения, хозрасчетные
_2psbo
700 1 _aКалиниченко
_bЮ. И.
_gЮрий Иванович
701 1 _aЛокоть
_bС.
801 0 _aRU
_bNLR
_gpsbo
801 1 _aRU
_bELAR
_2rusmarc
852 _aNLR
_j70-4/2147
942 _cBOOK
980 _aNB